000 00866nam a2200253 a 4500
001 BRCA_48
005 20190321142922.0
008 950412s2018----sp-a#####c---#000-0#eng-#
020 _a9788484804833
040 _aDLC
_cDLC
041 _aeng
044 _asp
050 4 _b.D38 2018
245 1 0 _aThe Dauphin´s Treasure
_cauthors Letizia Arbeteta Mira, Leticia Azcue Brea ; glossary of terms Sonia Tortajada Hernando ; translation Laura Suffield.
260 _a[Madrid, España]
_bMuseo Nacional del Prado
_c2018
300 _a111 p.
_bil. a color
_c28 cm.
500 _aIncluye glosario de términos e índice de artistas y obras
610 2 4 _aMuseo Nacional del Prado
_9223
700 1 _aArbeteta Mira, Letizia
_9224
700 1 _aAzcue Brea, Leticia
_9225
700 1 _aTortajada Hernando, Sonia
_9226
700 1 _aSuffield, Laura
_etr.
_9227
942 _2lcc
_cB
999 _c48
_d48